[Event "BEL-ch op"]
[Site "Niel"]
[Date "2017.07.06"]
[Round "6"]
[White "Chaerle, Josse"]
[Black "Dewitte, Stein"]
[Result "0-1"]
[WhiteElo "1983"]
[BlackElo "1712"]
[PlyCount "144"]
[EventDate "2017.07.01"]
[EventType "swiss"]
[EventRounds "9"]
[EventCountry "BEL"]
[SourceTitle "EXT 2018"]
[Source "ChessBase"]
[SourceDate "2017.10.13"]
[SourceVersion "1"]
[SourceVersionDate "2017.10.13"]
[SourceQuality "1"]

1. d4 Nf6 2. Bg5 d5 3. Bxf6 exf6 4. e3 Be7 5. Nd2 0-0 6. g3 Bf5 7. Bg2 c6 8. Ne2 Qd7 9. Nf4 Na6 10. Rc1 Bd6 11. 0-0 Bxf4 12. gxf4 Bh3 13. a3 Bxg2 14. Kxg2 Nc7 15. Qf3 Rfe8 16. Rfd1 f5 17. c4 Rac8 18. h3 Qd6 19. cxd5 cxd5 20. Rc5 b6 21. Rc2 Ne6 22. Rdc1 Rxc2 23. Rxc2 Qd7 24. Nb1 Nf8 25. Nc3 Rd8 26. Qe2 Rc8 27. Na2 Rxc2 28. Qxc2 Ng6 29. Nb4 Ne7 30. Nd3 f6 31. b4 h6 32. a4 Nc8 33. Qb3 Qe6 34. Qc3 Qd7 35. b5 Nd6 36. Nb4 Nc4 37. Nc6 Kh7 38. Qb4 Qe8 39. Nxa7 Qg6+ 40. Kh2 Qh5 41. Qb1 Nd2 42. Qd3 Nf3+ 43. Kg3 Ne1 44. Qf1 Nf3 45. Qg2 Nd2 46. Nc8 Qd1 47. Qxd5 Ne4+ 48. Kg2 Qh5 49. Nxb6 Qg6+ 50. Kf1 Qh5 51. Ke1 Nc3 52. Kd2 Nxd5 53. Nxd5 Qf3 54. Nb4 Qxf2+ 55. Kd3 Qf1+ 56. Kc3 Qc1+ 57. Nc2 Qh1 58. a5 Qd5 59. Kb4 g5 60. fxg5 fxg5 61. a6 g4 62. b6 gxh3 63. b7 Qd6+ 64. Kb5 Qb8 65. Kb6 h2 66. a7 Qd6+ 67. Kb5 h1Q 68. a8Q Qhc6+ 69. Ka5 Qdd5+ 70. Kb4 Qdb5+ 71. Ka3 Qc3+ 72. Ka2 Qcb2# 0-1

[Event "BEL-ch op"]
[Site "Niel"]
[Date "2017.07.05"]
[Round "5"]
[White "Dewitte, Stein"]
[Black "De Bock, Thijs"]
[Result "0-1"]
[WhiteElo "1712"]
[BlackElo "2009"]
[PlyCount "26"]
[EventDate "2017.07.01"]
[EventType "swiss"]
[EventRounds "9"]
[EventCountry "BEL"]
[SourceTitle "EXT 2018"]
[Source "ChessBase"]
[SourceDate "2017.10.13"]
[SourceVersion "1"]
[SourceVersionDate "2017.10.13"]
[SourceQuality "1"]

1. d4 Nf6 2. c4 g6 3. Nc3 Bg7 4. e4 d6 5. h3 0-0 6. Bg5 c5 7. d5 h6 8. Be3 e6 9. Bd3 exd5 10. cxd5 a6 11. a4 Qa5 12. Nge2 Re8 13. 0-0 Nbd7 0-1